| 000 | 00871nam a2200205 i 4500 | ||
|---|---|---|---|
| 001 | 189141 | ||
| 003 | ES-MaACL | ||
| 005 | 20251109135024.0 | ||
| 008 | 190408s1871 sp |||| | spa d | ||
| 080 | _a821.134.2-23"18" | ||
| 100 | 1 |
_aRetes, Francisco Luis de, _d1822-1901 _9131729 |
|
| 245 | 1 | 3 |
_aLa Beltraneja _b: drama en tres actos en verso / _coriginal de Francisco Luis de Retes y Francisco Pérez Echevarría. |
| 260 |
_a[S.l.] : _b[s.n.], _c1871 ( _eMadrid : _fImp. de Gabriel Alhambra) |
||
| 300 |
_a82 p. ; _c21 cm. |
||
| 530 | _aDisponible en formato digital. | ||
| 700 | 1 |
_aPérez Echevarría, Francisco, _d1842-1884 _9131463 |
|
| 852 |
_aES-MaACL _jD-703(3) _z.-- Legado M. de la Fuente _z-- Enc. en un vol. facticio |
||
| 856 |
_uhttp://bdh-rd.bne.es/viewer.vm?id=0000109852&page=1 _zBiblioteca Digital Hispánica |
||
| 999 |
_c189141 _d189141 |
||